Lie groups and lie algebras: E B Dynkin's seminar ed by S G Gindikin and E B Vinberg (Record no. 56859)

MARC details
000 -LEADER
fixed length control field 01176nam a2200325Ia 4500
003 - CONTROL NUMBER IDENTIFIER
control field OSt
005 - DATE AND TIME OF LATEST TRANSACTION
control field 20220912150902.0
008 - FIXED-LENGTH DATA ELEMENTS--GENERAL INFORMATION
fixed length control field 220909b |||||||| |||| 00| 0 eng d
020 ## - INTERNATIONAL STANDARD BOOK NUMBER
International Standard Book Number 0821804545 (hbd)
037 ## - SOURCE OF ACQUISITION
Terms of availability Textual
040 ## - CATALOGING SOURCE
Original cataloging agency CSL
Language of cataloging eng
Transcribing agency CSL
041 ## - LANGUAGE CODE
Language code of text/sound track or separate title eng
100 ## - MAIN ENTRY--PERSONAL NAME
Personal name Gindikin S G Ed
245 #0 - TITLE STATEMENT
Title Lie groups and lie algebras: E B Dynkin's seminar ed by S G Gindikin and E B Vinberg
260 ## - PUBLICATION, DISTRIBUTION, ETC.
Place of publication, distribution, etc. Providence,Rohode Island
Name of publisher, distributor, etc. American Mathematical Soceity
Date of publication, distribution, etc. 1995
300 ## - PHYSICAL DESCRIPTION
Extent xi,202p
490 ## - SERIES STATEMENT
Series statement American Mathematical Society translations series 2; 169^aAdvances in the mathematical sciences
500 ## - GENERAL NOTE
General note Includes bibliographical references; ^n23/CSL/B/96-97/3436^d1996-08-29^mPurchase; ; 96-97/366^b1997-08-10^c1233^d1997-01-28^eInternational Book Agency; ; 1997-02-20^bSB^c1997-10-15^r1997-11-20
650 ## - SUBJECT ADDED ENTRY--TOPICAL TERM
Topical term or geographic name entry element Group theory
650 ## - SUBJECT ADDED ENTRY--TOPICAL TERM
Topical term or geographic name entry element Lie groups
650 ## - SUBJECT ADDED ENTRY--TOPICAL TERM
Topical term or geographic name entry element Mathematics
700 ## - ADDED ENTRY--PERSONAL NAME
Personal name Vinberg E B Ed
942 ## - ADDED ENTRY ELEMENTS (KOHA)
Classification part B27M09, N5
Koha item type Textual
Source of classification or shelving scheme Colon Classification (CC)
Holdings
Withdrawn status Lost status Damaged status Not for loan Home library Current library Date acquired Source of acquisition Total Checkouts Full call number Barcode Date last seen Price effective from Koha item type
        Central Science Library Central Science Library 2022-09-12 I B A,   B27M09 N5 SL1173155 2022-09-12 2022-09-12 Textual
Copyright @ Delhi University Library System